000 01222nam a2200301 a 4500
001 000030230
003 DO-SdBNP
005 20251010111921.0
008 110505s1942 dr abc r 000 0 spa d
040 _aDO-SdBNP
_bspa
_cBNPHU
082 _a972.9302
_bI37c
100 1 _aIncháustegui, J. Mariano
_954339
245 1 0 _aCristóbal Colón y la isla Española /
_cJ. Mariano Incháustegui.
260 _aSantiago, República Dominicana :
_bEl Diario,
_c1942.
300 _a[203 p.] :
_bil., mapas, retrs. ;
_c21 cm.
490 1 _aHistoria crítica de Santo Domingo
_v1
500 _aIncluye índice
504 _aIncluye bibliografía y notas al final de los capítulos.
590 _aInventariado, 2018/MFF
600 1 4 _aCOLÓN, CRISTÓBAL,
_d1451-1506
_vENSAYOS, CONFERENCIAS, ETC.
_956917
651 4 _aIsla La Española
_xHistoria
_952433
651 0 _aRepública Dominicana --
_xHistoria --
_yDescubrimiento y conquista, 1492-1503
_9255
651 0 _aAmérica del Sur
_xHistoria
_yGuerras de Independencia, 1806-1830
_vENSAYOS, CONFERENCIAS, ETC.
_94537
651 0 _aHaití
_956919
830 0 _aHistoria crítica de Santo Domingo
_v1
_956920
910 _aValidado. Control de calidad EMS.
942 _2ddc
_cLBS1
999 _c29722
_d29722